000 00575nam a2200157Ia 4500
008 210719s2007 xx 000 0 und d
041 _aeng
082 _a382.92 DSOG
100 _aDSOUZA (Rose Veera)
245 _aGlobalization and its impact on welfare state with reference to India and Brazil
260 _aMangalore
_bMangalore University, Mangalgangotri.,
_c2007
300 _avi,346
_bHB
650 _aInternational Trade
650 _aThesises
906 _aand ; Brazil ; Globalization ; impact ; India ; its ; on ; reference ; state ; Thesis ; to ; welfare ; with
999 _c215143
_d215143